01672nam a2200265Ia 4500001000600000003000900006008004100015040001300056040001300069041001300082100001800095100002900113245009900142245009900241250001100340260001100351260001200362260004900374300005400423500078300477650003101260650003101291700003001322700005401352A0865IT-RoPAU130308s9999 xx 000 0 und d aIT-RoPAU cIT-RoPAU aITALIANO aMassa Claudio gCodice Aut. SPICS: 34740 aAllestiamo un laboratorio di informatica a scuola-Una guida fatta da insegnanti per insegnanti bAllestiamo un Laboratorio di informatica a Scuola-Una Guida fatta da Insegnanti per Insegnanti a1a ed. aFAENZA bPolaris c1990 [1° Ed.:1990 - Ed.Ling.Originale:1990] a"104 p. (prefazione: 6; testo: 98 [pagine: 0-0])" aHardware. Unità Centrale Cpu. Unità Periferiche. video Stampanti Plottermouse Tastiera. Trasmissione Dati. Interfacce. Modem Coprocessori Scanner.Software: Sistema Operativo. Linguaggi di Programmazione. Allestimento Deilaboratori. Laboratorio di Base. Editoria Elettronica. Grafica. Collegamenti in Rete. reti locali e Remote. Layout dei Laboratori. Modularità del Sistema. metodologie di Acquisto. Esempio di Offerta e di Preventivo. Installazione e Orme di Sicurezza. Marchi: Apple, Autocad, Centronics, Dbiii, Deskjet, Diablo, Epson, Gem, Hercules, Hewlett Packard, Ibm, Intel, Laserjet, Logo, Lotus 1/2/3, Macintosh. Ms/Dos, Multiplan, Os/2, Pcpaintbrush, Philips, Postscript, Quattro, Sony, turbo Basic, turbo Pascal, Unix, Visicalc, Windows, Wordstar, Xenix, Xerox. aEDUCAZIONE ALL'INFORMATICA eCodice materia Spics: 4212 aSoverini MarcoZecchi Enzo gCodice Aut. SPICS: 34741Codice Aut. SPICS: 33536